Normal view MARC view
  • Sabine, Georgh h and thorson , Thomasl

Entry Personal Name

Number of records used in: 1

001 - CONTROL NUMBER

  • control field: 5695

003 - CONTROL NUMBER IDENTIFIER

  • control field: OSt

005 - DATE AND TIME OF LATEST TRANSACTION

  • control field: 20200521125602.0

008 - FIXED-LENGTH DATA ELEMENTS

  • fixed length control field: 200521|| aca||aabn | a|a d

040 ## - CATALOGING SOURCE

  • Original cataloging agency: OSt
  • Transcribing agency: OSt

100 ## - HEADING--PERSONAL NAME

  • Personal name: Sabine, Georgh h and thorson , Thomasl

670 ## - SOURCE DATA FOUND

  • Source citation: Work cat.: (OSt): Sabine, Georgh h and thorson , Thomasl, A History of Poltical Theory, 1973